5HLuxD.jpg

KING HENRY VIII SENIOR AND PRIMARY SCHOOL LIBRARY OPAC

The tiger's wife / (Record no. 154)

000 -LEADER
fixed length control field 01006cam a2200313 a 4500
001 - CONTROL NUMBER
control field 017878044
003 - CONTROL NUMBER IDENTIFIER
control field UkOxU
005 - DATE AND TIME OF LATEST TRANSACTION
control field 20190729111334.0
008 - FIXED-LENGTH DATA ELEMENTS--GENERAL INFORMATION
fixed length control field 100818s2011 enk 000 1 eng|d
015 ## - NATIONAL BIBLIOGRAPHY NUMBER
National bibliography number GBB0B6267
Source bnb
020 ## - INTERNATIONAL STANDARD BOOK NUMBER
International Standard Book Number 9780753827406 (pbk.)
035 ## - SYSTEM CONTROL NUMBER
System control number (Uk)015659199
035 ## - SYSTEM CONTROL NUMBER
System control number (StEdALDL)1/2465909
040 ## - CATALOGING SOURCE
Original cataloging agency StDuBDS
Language of cataloging eng
Transcribing agency StDuBDS
Modifying agency UkOxU
082 04 - DEWEY DECIMAL CLASSIFICATION NUMBER
Classification number FIC OBR
Edition number 22
100 1# - MAIN ENTRY--PERSONAL NAME
Personal name Obreht, Téa.
Relator term author
245 14 - TITLE STATEMENT
Title The tiger's wife /
Statement of responsibility, etc. Téa Obreht.
260 ## - PUBLICATION, DISTRIBUTION, ETC.
Place of publication, distribution, etc. London :
Name of publisher, distributor, etc. Phoenix,
Date of publication, distribution, etc. 2011.
300 ## - PHYSICAL DESCRIPTION
Extent 335 p. ;
Dimensions 20 cm.
500 ## - GENERAL NOTE
General note First published in Great Britain: Weidenfeld & Nicolson, 2011.
500 ## - GENERAL NOTE
General note "Portions of this book appeared previously in The New Yorker in a different form." --T.p. verso.
650 #0 - SUBJECT ADDED ENTRY--TOPICAL TERM
Topical term or geographic name entry element Women physicians
Form subdivision Fiction.
650 #0 - SUBJECT ADDED ENTRY--TOPICAL TERM
Topical term or geographic name entry element Grandparent and child
Form subdivision Fiction.
650 #0 - SUBJECT ADDED ENTRY--TOPICAL TERM
Topical term or geographic name entry element Family secrets
Form subdivision Fiction.
651 #0 - SUBJECT ADDED ENTRY--GEOGRAPHIC NAME
Geographic name Balkan Peninsula
Form subdivision Fiction.
730 0# - ADDED ENTRY--UNIFORM TITLE
Uniform title New Yorker.
942 ## - ADDED ENTRY ELEMENTS (KOHA)
Source of classification or shelving scheme
Koha item type Books - Fiction
Holdings
Withdrawn status Lost status Source of classification or shelving scheme Damaged status Not for loan Collection code Permanent Location Current Location Shelving location Date acquired Total Checkouts Total Renewals Full call number Barcode Date last seen Date last checked out Price effective from Koha item type
          Fiction KH8 Senior School Library KH8 Senior School Library Fiction 2019-07-29 2 1 FIC OBR 3KHSL000100308 2025-09-26 2024-04-18 2019-07-29 Books - Fiction

Powered By KH8 IT Dept